Регионална библиотека "Любен Каравелов" - Русе

Да бъдеш шут в играта на съдбата (Запис номер 65437)

MARC детайли
000 -Лидер
Контролно поле с фиксирана дължина 01543nam a2200373 c 4500
003 - Код на организацията, давaща контролен номер
Контролно поле BLK
005 - Дата и час на последна редакция
Контролно поле 20230516084631.0
008 - Елементи от данни с фиксирана дължина
fixed length control field 180408b bul|||||r ||||||| ||bul||
010 ## - Наследен системен номер
LC control number KNG00069714000
020 ## - Международен стандартен номер на книга ISBN
Международен стандартен номер на книга ISBN 954-07-2306-Х
-- издат.: Унив. изд. Св. Климент Охридски
040 ## - Източник на каталожния запис
Идентификатор на билиотеката - собственик на записа BLK
041 ## - Код за език
Код за езика на текст/звукозапис или на отделно заглавие Български
Код за езика КДБФ Български
080 ## - УДК
Текстов определител УДК Руска литература
УДК код - определител по УДК 821.161.1
УДК определител -2.09
УДК - код + определител 821.161.1-2.09
080 ## - УДК
Текстов определител УДК Руска литература
УДК код - определител по УДК 821.161.1
УДК определител (092)
УДК - код + определител 821.161.1(092)
080 ## - УДК
Текстов определител УДК Биографии
УДК код - определител по УДК 929
УДК определител (470)
УДК - код + определител 929(470)
100 1# - Редна дума - Автор
Автор Димитров, Людмил Иванов
Авторска отговорност първи автор
R(LIN) 368865
139 ## - Редно поле
Редна дума Димитров, Людмил Иванов
Авторски знак Дими - Д 58
245 10 - Сведения за заглавието
Заглавие Да бъдеш шут в играта на съдбата
Подзаглавни данни Рус. драматургия от ХІХ в. ; Херменевтика на канона
Редно поле (дума) Людмил Иванов Димитров.
257 ## - Страна на издаване
Страна на създаване/издаване България
260 ## - Област на издателските данни
-- София
Име на издателя, разпространителя и проч. Унив. изд. Св. Климент Охридски
Година на издаване 2006
300 ## - Физическа характеристика
Страници 578 с.
Размери/Мащаб 20 см
380 ## - Жанр
Жанр Литературознание
500 ## - Общи забележки
Забележка Рез. на рус., англ. ез.
650 #4 - Допълнително описание по предмет – тема
Основно описание – тема или топоним Руска литература - критика
9 (RLIN) 274192
650 #4 - Допълнително описание по предмет – тема
Основно описание – тема или топоним Драма, руска - теми и образи
9 (RLIN) 268552
653 ## - Ключова дума – ненормативна
Ключова дума руска литература
653 ## - Ключова дума – ненормативна
Ключова дума руска драма
653 ## - Ключова дума – ненормативна
Ключова дума ХІХ в.
852 ## - Местоположение
Форматна сигнатура Цб 230215
856 4# - Електронен адрес и достъп
Електронен формат pdf - файл
Път до файла /url/
856 4# - Електронен адрес и достъп
Електронен формат pdf - файл
Път до файла /url/
942 ## - АРТИКУЛИ
Вид на библиотечния материал Книги
Скрит в OPAC Не
Koha issues (borrowed), all copies 3
944 ## - СЪЗДАВАНЕ И РЕДАКЦИЯ на ЗАПИСА
Създаване/Редакция Създаване
Дата на регистрацията/редакция 28.11.2006
Служител, извършил регистрацията/редакцията Пенка_Димитрова
944 ## - СЪЗДАВАНЕ И РЕДАКЦИЯ на ЗАПИСА
Създаване/Редакция Редакция
Дата на регистрацията/редакция 24.10.2007
Служител, извършил регистрацията/редакцията
999 ## - СИСТЕМНИ КОНТРОЛНИ НОМЕРА
Koha biblionumber 65437
Koha biblioitemnumber 65437
Наличности
Код за отписване Код за изгубен артикул Източник на класификационната схема Код за повреда Коз за рестрикции Код за отдаване Артикулен № Име на библиотеката - собственик Име на библиотеката, в която се намира в момента Статус (Текущо местоположение) Дата на вписване в системата Местоположение - отдел Цена в лева Инвентарен номер Систематично азбучна сигнатура Баркод Номер на екземпляра Цена в евро Служебна бележка Служебен тип на артикула
  Не е изгубен Universal Decimal Classification Не е повреден без рестрикции заемане за дома 107922 Регионална библиотека "Любен Каравелов" Русе Регионална библиотека "Любен Каравелов" Русе Заемна - подръчен фонд 2006-11-28 Заемна - подръчен фонд 12.00 120000707014 П 821.161.1.09/Д 58 120000707014 1 6.14 Дост: Pk Вид: Ф N: 45947 Дата: 27.11.2006 Дата инв: 08.02.2018 Бележки инв: П2018 Книги
  Не е изгубен   Не е повреден без рестрикции ползва се в читалня 107923 Регионална библиотека "Любен Каравелов" Русе Регионална библиотека "Любен Каравелов" Русе Хранилище 2007-10-24 Хранилище 12.00 120000718799 Цб 230215 120000718799 2 6.14 Дост: Dp Вид: Д N: 24 Дата: 23.05.2007 Книги
Vip Innovations Ltd, Rousse, Bulgaria 2025